Formula 1: Drivers Who Beat Them - Kimi Räikkönen - Statistics

General Stats
  • This quiz has been taken 23 times
  • The average score is 30 of 33
Answer Stats
Beat them in Answer Nationality Teams % Correct
2014, 2016, 2019-2021 Daniel Ricciardo Australia Red Bull, Renault, McLaren
100%
2019-2021 Lando Norris UK McLaren
100%
2008-2009, 2013-2021 Lewis Hamilton UK McLaren, Mercedes
100%
2016, 2019-2021 Max Verstappen Netherlands Toro Rosso, Red Bull
100%
2009, 2012-2021 Sebastian Vettel Germany Red Bull, Ferrari, Aston Martin
100%
2019-2020 Alexander Albon Thailand Toro Rosso, Red Bull
94%
2019-2021 Carlos Sainz Spain McLaren, Ferrari
94%
2019-2021 Charles Leclerc Monaco Ferrari
94%
2020-2021 Esteban Ocon France Renault, Alpine
94%
2004-2006, 2012-2014, 2021 Fernando Alonso Spain Renault, Ferrari, Alpine
94%
2021 George Russell UK Williams
94%
2004, 2009, 2014 Jenson Button UK BAR, Brawn, McLaren
94%
2001-2004, 2006 Michael Schumacher Germany Ferrari
94%
2014, 2020 Nico Hülkenberg Germany Force India, Racing Point
94%
2014-2016 Nico Rosberg Germany Mercedes
94%
2001-2002 Ralf Schumacher Germany Williams
94%
2001-2002, 2004, 2009 Rubens Barrichello Brazil Ferrari, Brawn
94%
2014, 2019-2021 Sergio Pérez Mexico Force India, Racing Point, Red Bull
94%
2014, 2017, 2019-2021 Valtteri Bottas Finland Williams, Mercedes
94%
2021 Yuki Tsunoda Japan AlphaTauri
94%
2020 Daniil Kvyat Russia AlphaTauri
89%
2001-2002 David Coulthard UK McLaren
89%
2006, 2008, 2014 Felipe Massa Brazil Ferrari, Williams
89%
2006 Giancarlo Fisichella Italy Renault
89%
2001 Jacques Villeneuve Canada BAR
89%
2001-2002, 2004 Juan Pablo Montoya Colombia Williams
89%
2014 Kevin Magnussen Denmark McLaren
89%
2020-2021 Lance Stroll Canada Racing Point, Aston Martin
89%
2009, 2013 Mark Webber Australia Red Bull
89%
2001 Mika Häkkinen Finland McLaren
89%
2019-2021 Pierre Gasly France Red Bull, Toro Rosso, AlphaTauri
89%
2001, 2004 Jarno Trulli Italy Jordan, Renault
83%
2001 Nick Heidfeld Germany Sauber
61%
No matching quizzes found
Score Distribution
Percent of People with Each Score
Percentile by Number Answered
Your Score History
You have not taken this quiz